Movies Quiz

Random Movies or Pixar Quiz
Score 0/13 Timer 05:00
0 Plays Today
% Correct
Toy Story
88%
A Bug's Life
75.9%
Monsters, Inc.
68.9%
Toy Story 3
66.7%
Finding Nemo
63.2%
Brave
59.4%
Toy Story 2
58.5%
Up
57%
WALL-E
54%
The Incredibles
50.1%
Cars
45.5%
Ratatouille
40.2%
Cars 2
37.6%
Remove Ads.
Support Sporcle.
Get the best of Sporcle when you Go Orange. This ad-free experience offers more features, more stats, and more fun while also helping to support Sporcle. Thank you for becoming a member.

You're not logged in!

Compare scores with friends on all Sporcle quizzes.
OR
Log In

Show Comments

Extras

Top Quizzes Today


Score Distribution

Your Account Isn't Verified!

In order to create a playlist on Sporcle, you need to verify the email address you used during registration. Go to your Sporcle Settings to finish the process.

Report this User

Report this user for behavior that violates our Community Guidelines.

Details: